| 000 | 01261nam a2200265Ia 4500 | ||
|---|---|---|---|
| 999 |
_c36249 _d36249 |
||
| 001 | 2153 | ||
| 003 | GE_BSU | ||
| 005 | 20190520144711.0 | ||
| 008 | 181216s2011||||ge |||||||||||||| ||geo|| | ||
| 020 | _a97899941192234 | ||
| 040 | _cGE_BSU | ||
| 041 | _ageo | ||
| 080 | _a821.111.1-32 ჰ–77 | ||
| 100 |
_aჰოთორნი, ნათანიელ _91389 |
||
| 245 |
_aმოთხრობები / _cნათანიელ ჰოთორნი; მთარგმნ. პაატა გეგელაშვილი ; რედ. მანანა ღოღობერიძე. |
||
| 264 |
_aთბილისი : _bპალიტრა L, _c2011. |
||
| 300 |
_a184გვ.; _b19სმ. |
||
| 490 | _aმსოფლიოს რჩეული მოთხრობები, ISSN 1987-9911 ; ტ. 45 | ||
| 653 | _aამერიკული ლიტერატურა | ||
| 653 | _aამერიკული პროზა | ||
| 653 | _aამერიკული მოთხრობები | ||
| 700 |
_aგეგელაშვილი, პაატა _eმთარგმნელი _91390 |
||
| 700 |
_aღოღობერიძე, მანანა _eრედაქტორი _91391 |
||
| 942 |
_cBK _2udc |
||